Social, ethical, and policy implications of information technology / (Record no. 6225)

MARC details
000 -LEADER
fixed length control field 03068cam a2200313 4500
001 - CONTROL NUMBER
control field 7303
005 - DATE AND TIME OF LATEST TRANSACTION
control field 20181127183342.0
008 - FIXED-LENGTH DATA ELEMENTS--GENERAL INFORMATION
fixed length control field 030630s2004 pau b 001 0 eng
010 ## - LIBRARY OF CONGRESS CONTROL NUMBER
LC control number 2003014952
020 ## - INTERNATIONAL STANDARD BOOK NUMBER
International Standard Book Number 1591401682 (hardcover : alk. paper)
International Standard Book Number 1591401690 (ebook)
082 00 - DEWEY DECIMAL CLASSIFICATION NUMBER
Classification number 303.48/33
Edition number 22
100 ## - MAIN ENTRY--PERSONAL NAME
Personal name Brennan, Linda L.
Numeration
Titles and words associated with a name
Dates associated with a name
Relator term editor
Fuller form of name
245 00 - TITLE STATEMENT
Title Social, ethical, and policy implications of information technology /
Statement of responsibility, etc. [edited by] Linda L. Brennan, Victoria E. Johnson.
260 ## - PUBLICATION, DISTRIBUTION, ETC.
Place of publication, distribution, etc. Hershey :
Name of publisher, distributor, etc. Information Science Pub.,
Date of publication, distribution, etc. c2004.
300 ## - PHYSICAL DESCRIPTION
Extent viii, 304 p. ;
Dimensions 27 cm.
504 ## - BIBLIOGRAPHY, ETC. NOTE
Bibliography, etc. note Includes bibliographical references and index.
505 ## - FORMATTED CONTENTS NOTE
Formatted contents note Preface / Linda L. Brennan and Victoria E. Johnson -- Ch. I. Global Perspectives on the Information Society / William J. McIver, Jr. -- Ch. II. Digital Divides: Their Social and Ethical Implications / Emma Rooksby and John Weckert -- Ch. III. The Perils of Access and Immediacy: Unintended Consequences of Information Technology / Linda L. Brennan -- Ch. IV. What, Me, Worry? The Empowerment of Employees / Marsha Cook Woodbury -- Ch. V. Managing Workplace Privacy Responsibly / Richard A. Spinello, John Gallaugher and Sandra Waddock -- Ch. VI. Virtual Harms and Real Responsibility / Chuck Huff, Deborah G. Johnson and Keith W. Miller -- Ch. VII. Ethical Challenges for Information Systems Professionals / Gerald M. Hoffman -- Ch. VIII. Living Within Glass Houses: Coping with Organizational Transparency / Victoria E. Johnson -- Ch. IX. Ethical Challenges of Information Systems: The Carnage of Outsourcing and Other Technology-Enabled Organizational Imperatives / David Wiencek -- Ch. X. A Contrarian's View: New Wine in Old Bottles, New Economy and Old Ethics -- Can it Work? / Marianne M. Jennings -- Ch. XI. Liability for System and Data Quality / Robert D. Sprague -- Ch. XII. Software Engineering as a Profession: A Moral Case for Licensure / J. Carl Ficarrotta -- Ch. XIII. Copyright Law in the Digital Age / Jordan M. Blanke -- Ch. XIV. "Digital Orphans": Technology's Wayward Children / Mark Kieler and Michael J. West -- Ch. XV. Compliance with Data Management Laws / Jack S. Cook and Laura L. Cook -- Ch. XVI. The Central Problems in Cyber Ethics and How Stories Can Be Used to Address It / John M. Artz.
Miscellaneous information
Statement of responsibility
Title
520 ## - SUMMARY, ETC.
Summary, etc. Information systems pose social challenges, especially for technical professionals who have been taught to think in terms of logic, structures, and flows. This work focuses on the human impact of information systems, including ethical challenges, social implications, and legal issues.
650 #0 - SUBJECT ADDED ENTRY--TOPICAL TERM
Topical term or geographic name entry element Communication of technical information.
Topical term or geographic name entry element Computer scientists.
Topical term or geographic name entry element Copyright
Geographic subdivision United States.
Topical term or geographic name entry element Information science
General subdivision Moral and ethical aspects.
Topical term or geographic name entry element Information society.
Topical term or geographic name entry element Information technology
General subdivision Government policy
Geographic subdivision United States.
Topical term or geographic name entry element Information technology
General subdivision Social aspects.
700 1# - ADDED ENTRY--PERSONAL NAME
Personal name Brennan, Linda L.
Personal name Johnson, Victoria
Fuller form of name (Victoria Elizabeth)
Holdings
Withdrawn status Lost status Source of classification or shelving scheme Damaged status Not for loan Collection code Home library Current library Shelving location Date acquired Serial Enumeration / chronology Inventory number Total Checkouts Full call number Barcode Date last seen Date last checked out Price effective from Koha item type
    Dewey Decimal Classification     Main TEST RTC Library RTC Library Main opac 12/01/2022 11258 1 303.48 BRE 30010872 11/10/2023 10/10/2023 27/11/2018 Main
Royal Thimphu College || All Right Reserved